000 01492nam2a2200265 4500
001 RU\NLR\BIBL_A\022535690
005 20260406141435.0
035 _a(NLR Aleph) 022535690
090 _a13406316
_c13406316
100 _a20060512d1864 |||y0rusy50 ca
101 0 _arus
102 _aRU
105 _ay j 000yy
200 1 _aОт Карамзина до Пушкина
210 _d1864
_aБ. м.
215 _a[2], VII, 558 с.
461 0 _1001v19\rc\1346614
_12001#$aИсторическая христоматия новаго периода русской словесности$fсоставлена ... А. Галаховым$vТ. 2
_1700#1$aГалахов$bА. Д.$f1807-1892$gАлексей Дмитриевич$3RU\NLR\AUTH\7759989
_95399432
_aГалахов, А. Д. (1807-1892)
_cСанкт-Петербург
_d1861-1864
_fСост... А. Галаховым. Т. 1-2
_o[От Петра I до нашего времени]
_p2 т.
_tИсторическая хрестоматия нового периода русской словесности
_vТ. 2
702 1 _4570
_8rus
_7ca
_aКарамзин
_bН. М.
_f1766-1826
_gНиколай Михайлович
_3RU\NLR\AUTH\773443
_9113439
702 1 _4570
_8rus
_7ca
_aПушкин
_bА. С.
_cпоэт
_f1799-1837
_gАлександр Сергеевич
_3RU\NLR\AUTH\77386
_9110441
852 _aNLR
_j18.61.3.4(2)
852 _aNLR
_j127/2473(2)
942 _cBOOK
980 _aNB